Riddles of existence : a guided tour of metaphysics (Record no. 82933)

MARC details
000 -LEADER
fixed length control field 00723nam a22002417a 4500
003 - CONTROL NUMBER IDENTIFIER
control field CBULib
005 - DATE AND TIME OF LATEST TRANSACTION
control field 20231031131648.0
008 - FIXED-LENGTH DATA ELEMENTS--GENERAL INFORMATION
fixed length control field 231002b |||||||| |||| 00| 0 eng d
020 ## - INTERNATIONAL STANDARD BOOK NUMBER
International Standard Book Number 9780199282265
040 ## - CATALOGING SOURCE
Language of cataloging English
Transcribing agency CBULib
Description conventions rda
041 ## - LANGUAGE CODE
Language code of text/sound track or separate title eng
050 ## - LIBRARY OF CONGRESS CALL NUMBER
Classification number BD 111 Con
100 1# - MAIN ENTRY--PERSONAL NAME
9 (RLIN) 804
Personal name Conee, Earl,
Dates associated with a name 1950-
245 ## - TITLE STATEMENT
Title Riddles of existence : a guided tour of metaphysics
Statement of responsibility, etc / by Earl Conee and Theodore Sider
260 ## - PUBLICATION, DISTRIBUTION, ETC. (IMPRINT)
Place of publication, distribution, etc New York,
Name of publisher, distributor, etc Oxford University Press
Date of publication, distribution, etc 2005
300 ## - PHYSICAL DESCRIPTION
Extent vii, 210 pages : illustrations
336 ## - CONTENT TYPE
Source rdacontent
Content type term Text |
337 ## - MEDIA TYPE
Source rdamedia
Media type term Unmediated |
338 ## - CARRIER TYPE
Source rdacarrier
Carrier type term Volume
650 #0 - SUBJECT ADDED ENTRY--TOPICAL TERM
Topical term or geographic name as entry element METAPHYSICS
9 (RLIN) 147
700 ## - ADDED ENTRY--PERSONAL NAME
9 (RLIN) 805
Personal name Sider Theodore
942 ## - ADDED ENTRY ELEMENTS (KOHA)
Source of classification or shelving scheme
Koha item type MONOGRAPH
Holdings
Withdrawn status Lost status Source of classification or shelving scheme Damaged status Not for loan Collection code Permanent Location Current Location Shelving location Date acquired Source of acquisition Cost, normal purchase price Total Checkouts Full call number Barcode Date last seen Date checked out Copy number Price effective from Koha item type
          Main Library Open Access Collection CBU-MAIN LIBRARY, KITWE. CBU-MAIN LIBRARY, KITWE. General Stacks 10/03/2023 DON- BOOKAID 84.56 1 BD 111 Con 752504 05/28/2026 05/20/2026 1 10/03/2023 MONOGRAPH